000 00430nam a2200181Ia 4500
001 23501
005 20260414150941.0
008 260414t2004||||xx |||||||||||||| ||spa||
041 _aESP
082 _a656.86
_bD75
100 _aDiez de Castro, Enrique C.
_eAUT
245 0 _aDistribución comercial
_b
260 _c2004
300 _a504 pƔginas :
_c24 cm.
650 _aCIS
654 _aCAN
942 _cLIB
_dJUS
_fJUS
_2ddc
_n
999 _c23501
_d23501